Súvaha – súčasť účtovnej závierky rozpočtových organizácií, príspevkových organizácií a obcí diplomová práca

Na minha lista:
Detalhes bibliográficos
Autor principal: Jerigová, Orsolya
Autor Corporativo: Fakulta hospodárskej informatiky EU. Katedra účtovníctva a audítorstva
Outros Autores: Kovalčíková, Antónia
Formato: Livro
Idioma:eslovaco
Publicado em: Bratislava 2018
Tags: Adicionar Tag
Sem tags, seja o primeiro a adicionar uma tag!

MARC

LEADER 00000nbm a2200000 4500
001 0243578
005 20181108091538.7
041 0 |a slo 
044 |a SK 
245 1 0 |a Súvaha – súčasť účtovnej závierky rozpočtových organizácií, príspevkových organizácií a obcí  |b diplomová práca  |c Orsolya Jerigová ; školiteľ: Antónia Kovalčíková 
264 1 |a Bratislava  |c 2018 
300 |a 75 s. 
100 1 |a Jerigová, Orsolya 
700 1 |a Kovalčíková, Antónia 
710 2 |a Fakulta hospodárskej informatiky EU. Katedra účtovníctva a audítorstva